000 00299nam a2200109Ia 4500
008 200302s9999 xx 000 0 und d
100 _aGina Lazenby & Other
245 _aA New Approach to Interior Design the Feng shui House Book
260 _bConran Octopus Ltd.
260 _c1999
300 _a160 P.,
999 _c1760
_d1760